Southville International School and Colleges
Your cart is empty.
  • Cart
  • Lists
    Public lists Eva Luna New books Lux_list list_1
    Your lists Log in to create your own lists
  • Log in to your account
  • Your cookies
  • Search history
Southville International School and Colleges
  • Advanced search
  • Recent comments
  • Most popular
  • Libraries

Log in to your account

Log in with GOOGLE


If you do not have an external account, but do have a local account, you can still log in:

  1. Home
  2. MARC view: Bubbles plays with fire #9 :
Normal view MARC view ISBD view

Bubbles plays with fire #9 : (Record no. 105109)

[ view plain ]
MARC details
000 -LEADER
fixed length control field 00605nam a2200205 a 4500
005 - DATE AND TIME OF LATEST TRANSACTION
control field 20140412111340.0
008 - FIXED-LENGTH DATA ELEMENTS--GENERAL INFORMATION
fixed length control field 031016s19uu xx 00 eng d
020 ## - INTERNATIONAL STANDARD BOOK NUMBER
International Standard Book Number 981-209-843-7
050 ## - LIBRARY OF CONGRESS CALL NUMBER
Classification number TR(PS E
Item number Bu85Pl v.9
050 ## - LIBRARY OF CONGRESS CALL NUMBER
Classification number ER
Item number Bu85Pl
245 ## - TITLE STATEMENT
Title Bubbles plays with fire #9 :
Remainder of title (ages 2-6 years old).
260 ## - PUBLICATION, DISTRIBUTION, ETC. (IMPRINT)
Place of publication, distribution, etc Singapore :
Name of publisher, distributor, etc Early Childhood Publications (International) Pte. Ltd,
Date of publication, distribution, etc [n.d.]
300 ## - PHYSICAL DESCRIPTION
Extent [22] p. ; ill.
440 ## - SERIES STATEMENT/ADDED ENTRY--TITLE
Title Bubble's First Storybooks
650 ## - SUBJECT ADDED ENTRY--TOPICAL TERM
Topical term or geographic name as entry element Fire--Fiction
650 ## - SUBJECT ADDED ENTRY--TOPICAL TERM
Topical term or geographic name as entry element Monkeys--Fiction
650 ## - SUBJECT ADDED ENTRY--TOPICAL TERM
Topical term or geographic name as entry element Children stories
Holdings
Withdrawn status Lost status Damaged status Use restrictions Home library Current library Shelving location Date acquired Source of acquisition Cost, normal purchase price Total Checkouts Full call number Barcode Date last seen Price effective from Koha item type
        Elizalde Library Elizalde Library Teachers Reference Section 10/16/2003   37.75   TR(PS E Bu85Pl v.9 E9433 04/12/2014 04/12/2014 Books
        Elizalde Library Elizalde Library Easy Reading Section 10/16/2003   37.75   ER Bu85Pl E9357 04/12/2014 04/12/2014 Books

Bubbles plays with fire #9 :

APA

Bubbles plays with fire #9. Singapore: Early Childhood Publications (International) Pte. Ltd.

Chicago

Bubbles plays with fire #9. Singapore: Early Childhood Publications (International) Pte. Ltd.

Harvard

Bubbles plays with fire #9. Singapore: Early Childhood Publications (International) Pte. Ltd.

MLA

Singapore: Early Childhood Publications (International) Pte. Ltd. .

  • Place hold
  • Print
  • Cite
  • Add to your cart (remove)
  • Save record
    BIBTEX Dublin Core MARCXML MARC (non-Unicode/MARC-8) MARC (Unicode/UTF-8) MARC (Unicode/UTF-8, Standard) MODS (XML) RIS
  • More searches
    Search for this title in:
    Other Libraries (WorldCat) Other Databases (Google Scholar) Online Stores (Bookfinder.com) Open Library (openlibrary.org)

Exporting to Dublin Core...

SOUTHVILLE LIBRARY

Southville International School and Colleges Library

1281 Tropical Ave. Cor. Luxembourg St., BF Homes International, Las Pinas City

Tel. No. 8256374 / 252358 Loc. 117/146

Powered by Koha